Te espero en la plaza /
Guardado en:
| Autor Principal: | |
|---|---|
| Otros Autores: | |
| Formato: | Libro |
| Idioma: | Undetermined |
| Publicado: |
Buenos Aires :
Del naranjo,
2013.
|
| Edición: | 1a ed. 1a reimp. |
| Series: | La puerta blanca
|
| Materias: | |
| Etiquetas: |
Agregar Etiqueta
Sin Etiquetas, Sea el primero en etiquetar este registro!
|
| LEADER | 00980nam a22002295a 4500 | ||
|---|---|---|---|
| 001 | CEM.cems020301 | ||
| 008 | 230803s2013####ag############000#0#und#d | ||
| 005 | 20230803185513.0 | ||
| 245 | 1 | 0 | |a Te espero en la plaza / |c Norma Huidobro ; ilustrado por Claudia Degliuomini. |
| 250 | |a 1a ed. 1a reimp. | ||
| 260 | |a Buenos Aires : |b Del naranjo, |c 2013. | ||
| 300 | |a 96 p. | ||
| 490 | 1 | |a La puerta blanca | |
| 500 | |a Tres relatos que abordan las primeras incertidumbres del amor, los encuentros y desencuentros, la trama profunda de la amistad más tierna y sincera entre chicas y chicos que aún no se han asomado a la adolescencia. | ||
| 505 | 0 | |a Te espero en la plaza -- Más linda que nunca -- Román y Juliana | |
| 020 | |a 9789871343201 | ||
| 100 | 1 | |a Huidobro, Norma. | |
| 700 | 1 | |a Degliuomini, Claudia; il. | |
| 653 | |a Literatura argentina | ||
| 653 | |a Literatura infantil y juvenil | ||
| 653 | |a Cuentos | ||
| 859 | |a CEMS |b BIB. CEMS - Inicial y Primaria |h A863.4 |i H876-3 |k IP |p 6197 |t Ej.1 | ||
